[Event "Scarborough CC-ch Reserves U1700"]
[Site "Toronto CAN"]
[Date "2011.04.14"]
[Round "8"]
[White "Aghamalian, Leonid"]
[Black "Liang, Phillip"]
[Result "1/2-1/2"]
[WhiteElo "1520"]
[BlackElo "1271"]
[PlyCount "114"]
[GameId "2160767909804291"]
[EventDate "2011.02.24"]
[EventType "swiss"]
[EventRounds "9"]
[EventCountry "CAN"]
[SourceTitle "EXT 2022"]
[Source "ChessBase"]
[SourceDate "2021.10.06"]
[SourceVersion "1"]
[SourceVersionDate "2021.10.06"]
[SourceQuality "1"]

1. d4 d5 2. c4 c6 3. Nc3 Nf6 4. Bg5 Nbd7 5. e3 h6 6. Bh4 e6 7. Nf3 Be7 8. Bd3 dxc4 9. Bxc4 b5 10. Bb3 Bb7 11. Bc2 Nd5 12. Bxe7 Qxe7 13. Nxd5 cxd5 14. O-O a6 15. Qd3 Rc8 16. Rfc1 f5 17. a4 b4 18. a5 O-O 19. Ba4 Qd6 20. Bxd7 Qxd7 21. Ne5 Qd8 22. Qd2 Rxc1+ 23. Qxc1 Qd6 24. Nd3 Bc6 25. Nc5 Bb5 26. Qd2 Rc8 27. Qxb4 e5 28. Qd2 exd4 29. exd4 Re8 30. Re1 Re7 31. Rxe7 Qxe7 32. Qe3 Qxe3 33. fxe3 Kf7 34. Kf2 Kf6 35. h4 g5 36. hxg5+ hxg5 37. Kf3 Kg6 38. g4 Kf6 39. Nb7 fxg4+ 40. Kxg4 Be2+ 41. Kg3 Kf5 42. b3 Ke4 43. Kf2 Kd3 44. Nc5+ Kd2 45. Ne6 Bb5 46. Nxg5 Kc3 47. Ne6 Kxb3 48. Kf3 Ka4 49. Kf4 Kxa5 50. Nc7 Bc4 51. Ke5 Kb4 52. Nxa6+ Bxa6 53. Kxd5 Bb7+ 54. Kd6 Kc3 55. d5 Kd3 56. Ke5 Bxd5 57. Kxd5 Kxe3 1/2-1/2

[Event "Scarborough CC-ch Reserves U1700"]
[Site "Toronto CAN"]
[Date "2011.04.14"]
[Round "8"]
[White "Gandhi, Vishwa"]
[Black "Azizi, Hamid"]
[Result "0-1"]
[WhiteElo "1058"]
[BlackElo "1457"]
[PlyCount "102"]
[GameId "2160767909804293"]
[EventDate "2011.02.24"]
[EventType "swiss"]
[EventRounds "9"]
[EventCountry "CAN"]
[SourceTitle "EXT 2022"]
[Source "ChessBase"]
[SourceDate "2021.10.06"]
[SourceVersion "1"]
[SourceVersionDate "2021.10.06"]
[SourceQuality "1"]

1. e4 c6 2. Nf3 d6 3. Be2 e5 4. d3 Be6 5. c4 Be7 6. h3 Nd7 7. Nc3 Ngf6 8. b3 h6 9. Bb2 Qc8 10. b4 O-O 11. Qc2 Rd8 12. O-O Nf8 13. Rfe1 Ng6 14. Bd1 Nf4 15. Re3 Nh7 16. h4 Nf6 17. Nh2 Bd7 18. Qb3 Rf8 19. b5 Ne6 20. Ne2 Ne8 21. c5 Nxc5 22. Qc3 Bxh4 23. d4 Ne6 24. dxe5 cxb5 25. Qd2 Bg5 26. exd6 Bxe3 27. Qxe3 Nxd6 28. Ng4 Nc4 29. Qc3 Nxb2 30. Qxb2 Ng5 31. Nh2 Nxe4 32. Nf4 Qc3 33. Qb1 Qe1+ 34. Nf1 Qxf2+ 35. Kh2 Qxf4+ 36. Kg1 Qf2+ 37. Kh2 Qxf1 38. Qxe4 Bc6 39. Qg4 Rae8 40. Rb1 Re4 41. Qh3 Qf4+ 42. g3 Qd2+ 43. Qg2 Qxg2+ 44. Kxg2 Rb4+ 45. Bf3 Rxb1 46. Bxc6 bxc6 47. g4 g5 48. a3 Rb3 49. Kh2 Rd8 50. Kg2 Rd2+ 51. Kf1 Rb1# 0-1

[Event "Scarborough CC-ch Reserves U1700"]
[Site "Toronto CAN"]
[Date "2011.04.14"]
[Round "8"]
[White "Guo, Tan"]
[Black "Smith, Maurice"]
[Result "1/2-1/2"]
[WhiteElo "1463"]
[BlackElo "1533"]
[PlyCount "65"]
[GameId "2160767909804295"]
[EventDate "2011.02.24"]
[EventType "swiss"]
[EventRounds "9"]
[EventCountry "CAN"]
[SourceTitle "EXT 2022"]
[Source "ChessBase"]
[SourceDate "2021.10.06"]
[SourceVersion "1"]
[SourceVersionDate "2021.10.06"]
[SourceQuality "1"]

1. e4 d6 2. d4 Nf6 3. Nc3 g6 4. Nf3 Bg7 5. Bd3 Nc6 6. h3 b6 7. Be3 Bb7 8. Qd2 O-O 9. Bh6 a5 10. a3 e6 11. Bxg7 Kxg7 12. O-O Ne7 13. Rfe1 Nd7 14. b4 axb4 15. axb4 c6 16. Qc1 Qc7 17. Qb2 Kg8 18. Nd2 Rxa1 19. Rxa1 Ra8 20. Nc4 d5 21. Ne3 dxe4 22. Nxe4 Nd5 23. Nxd5 cxd5 24. Nc3 Kg7 25. Nb5 Rxa1+ 26. Qxa1 Qb8 27. c4 dxc4 28. Bxc4 Kg8 29. Qa2 Qf4 30. Qe2 Qc1+ 31. Kh2 Qf4+ 32. Kg1 Qc1+ 33. Kh2 1/2-1/2

[Event "Scarborough CC-ch Reserves U1700"]
[Site "Toronto CAN"]
[Date "2011.04.14"]
[Round "8"]
[White "Law, James"]
[Black "Cui, Gordon"]
[Result "1-0"]
[WhiteElo "1452"]
[BlackElo "1286"]
[PlyCount "41"]
[GameId "2160767909804297"]
[EventDate "2011.02.24"]
[EventType "swiss"]
[EventRounds "9"]
[EventCountry "CAN"]
[SourceTitle "EXT 2022"]
[Source "ChessBase"]
[SourceDate "2021.10.06"]
[SourceVersion "1"]
[SourceVersionDate "2021.10.06"]
[SourceQuality "1"]

1. c4 e5 2. Nc3 Nf6 3. Nf3 Nc6 4. a3 Bc5 5. g3 O-O 6. Bg2 a6 7. e3 d6 8. O-O Bg4 9. Qc2 Qd7 10. b4 Bb6 11. Bb2 Rfe8 12. Ng5 h6 13. Nge4 Nxe4 14. Bxe4 Rad8 15. Nd5 Ba7 16. f4 Bh3 17. Rf2 Rb8 18. f5 f6 19. Nc3 Qf7 20. Bd5 Qxd5 21. Nxd5 1-0

[Event "Scarborough CC-ch Reserves U1700"]
[Site "Toronto CAN"]
[Date "2011.04.14"]
[Round "8"]
[White "Maurer, Hans"]
[Black "Patel, Shivkumar"]
[Result "1-0"]
[WhiteElo "1216"]
[BlackElo "818"]
[PlyCount "78"]
[GameId "2160767909804298"]
[EventDate "2011.02.24"]
[EventType "swiss"]
[EventRounds "9"]
[EventCountry "CAN"]
[SourceTitle "EXT 2022"]
[Source "ChessBase"]
[SourceDate "2021.10.06"]
[SourceVersion "1"]
[SourceVersionDate "2021.10.06"]
[SourceQuality "1"]

1. e4 d5 2. Nc3 Nf6 3. d3 Bg4 4. Be2 Bd7 5. Nxd5 e6 6. Nc3 Bb4 7. a3 Bc5 8. d4 Bd6 9. e5 Nd5 10. exd6 Nxc3 11. bxc3 cxd6 12. Bf4 Qc7 13. Qd3 e5 14. Bg3 Be6 15. Nf3 Bc4 16. Qxc4 Qxc4 17. Bxc4 Nc6 18. Rd1 O-O 19. O-O Rfe8 20. d5 e4 21. Ng5 Na5 22. Bb5 Rf8 23. Bxd6 Rfd8 24. Bc7 Rdc8 25. Bxa5 f6 26. Bd7 Rc5 27. Bb4 Rc7 28. Bf5 h6 29. Nxe4 g6 30. Nxf6+ Kg7 31. d6 Rc6 32. Be4 Rc4 33. Bd5 Rf4 34. Ne4 Re8 35. Rfe1 Re5 36. d7 b6 37. d8=Q a5 38. Qf8+ Kh7 39. Nf6+ Rxf6 1-0

[Event "Scarborough CC-ch Reserves U1700"]
[Site "Toronto CAN"]
[Date "2011.04.14"]
[Round "8"]
[White "Song, Eric"]
[Black "Kurkowski, Ken"]
[Result "0-1"]
[WhiteElo "1476"]
[BlackElo "1506"]
[PlyCount "110"]
[GameId "2160767909804299"]
[EventDate "2011.02.24"]
[EventType "swiss"]
[EventRounds "9"]
[EventCountry "CAN"]
[SourceTitle "EXT 2022"]
[Source "ChessBase"]
[SourceDate "2021.10.06"]
[SourceVersion "1"]
[SourceVersionDate "2021.10.06"]
[SourceQuality "1"]

1. e4 e6 2. d4 d5 3. e5 c5 4. c3 Qb6 5. Nf3 Bd7 6. Qc2 Bb5 7. Be2 Nc6 8. Be3 cxd4 9. Nxd4 Nxd4 10. Bxd4 Bc5 11. O-O Bxe2 12. Qxe2 Ne7 13. Rc1 Nc6 14. Bxc5 Qxc5 15. Na3 a6 16. Nc2 O-O 17. Ne1 f6 18. exf6 Rxf6 19. Nf3 Raf8 20. Rf1 e5 21. Rad1 e4 22. Nd4 Ne5 23. f3 Nd3 24. Rd2 Nf4 25. Qe3 Ne6 26. Rdf2 Nxd4 27. cxd4 Qe7 28. Re1 Re6 29. Qb3 Rd8 30. fxe4 Rxe4 31. Ref1 Re1 32. Rf5 Rxf1+ 33. Rxf1 Qe4 34. Qc3 Re8 35. Kh1 Qe2 36. Rc1 Qf2 37. Qa5 Qf7 38. h3 h6 39. Qc5 Re2 40. Qc8+ Kh7 41. Qc3 Qf2 42. Qd3+ g6 43. Rc7+ Kh8 44. Rc8+ Kg7 45. Rc7+ Kh8 46. Qf3 Qxf3 47. gxf3 Rxb2 48. Rd7 Rb5 49. a4 Rb4 50. Rxd5 Rxa4 51. Rd7 b5 52. Rd6 b4 53. Rxg6 Kh7 54. Rg2 b3 55. Rd2 Ra1+ 0-1

[Event "Scarborough CC-ch Reserves U1700"]
[Site "Toronto CAN"]
[Date "2011.04.14"]
[Round "8"]
[White "Stroempl, Hedi"]
[Black "Al Ganabi, Yasir"]
[Result "0-1"]
[WhiteElo "1056"]
[BlackElo "1347"]
[PlyCount "32"]
[GameId "2160767909804300"]
[EventDate "2011.02.24"]
[EventType "swiss"]
[EventRounds "9"]
[EventCountry "CAN"]
[SourceTitle "EXT 2022"]
[Source "ChessBase"]
[SourceDate "2021.10.06"]
[SourceVersion "1"]
[SourceVersionDate "2021.10.06"]
[SourceQuality "1"]

1. e4 e5 2. Nf3 Nc6 3. Bb5 d6 4. Nc3 Bd7 5. O-O a6 6. Bc4 b5 7. Bb3 Bg4 8. h3 Bxf3 9. Qxf3 Nf6 10. a3 Nd4 11. Qd3 c5 12. Ba2 c4 13. Qe2 Nxe2+ 14. Kh2 Nxc3 15. bxc3 Nxe4 16. Re1 Nxf2 0-1

[Event "Scarborough CC-ch Reserves U1700"]
[Site "Toronto CAN"]
[Date "2011.04.14"]
[Round "8"]
[White "Teram, Eli"]
[Black "Super, Russell"]
[Result "0-1"]
[WhiteElo "1213"]
[BlackElo "1446"]
[PlyCount "62"]
[GameId "2160767909804301"]
[EventDate "2011.02.24"]
[EventType "swiss"]
[EventRounds "9"]
[EventCountry "CAN"]
[SourceTitle "EXT 2022"]
[Source "ChessBase"]
[SourceDate "2021.10.06"]
[SourceVersion "1"]
[SourceVersionDate "2021.10.06"]
[SourceQuality "1"]

1. e4 c5 2. Nf3 Nc6 3. Bc4 d6 4. Ng5 e6 5. d3 h6 6. Qh5 g6 7. Qh3 Bg7 8. Nf3 Nf6 9. O-O Qc7 10. Nc3 g5 11. Qg3 a6 12. Be3 e5 13. Nd5 Qd8 14. a3 Nh5 15. Bxg5 hxg5 16. Qxg5 Qxg5 17. Nc7+ Kd8 18. Nxg5 Kxc7 19. Bxf7 Bd7 20. Rfe1 Bf6 21. Nf3 Raf8 22. Bd5 Bg4 23. Nd2 Nd4 24. c3 Nc6 25. f3 Bd7 26. g4 Nf4 27. Re3 Nxd5 28. exd5 Ne7 29. b4 Nxd5 30. Re4 Nxc3 31. bxc5 Nxe4 0-1

[Event "Scarborough CC-ch Reserves U1700"]
[Site "Toronto CAN"]
[Date "2011.04.14"]
[Round "8"]
[White "Thanabalachandran, Kajan"]
[Black "Farhang, Arvin"]
[Result "0-1"]
[WhiteElo "1557"]
[BlackElo "1586"]
[PlyCount "50"]
[GameId "2160767909804302"]
[EventDate "2011.02.24"]
[EventType "swiss"]
[EventRounds "9"]
[EventCountry "CAN"]
[SourceTitle "EXT 2022"]
[Source "ChessBase"]
[SourceDate "2021.10.06"]
[SourceVersion "1"]
[SourceVersionDate "2021.10.06"]
[SourceQuality "1"]

1. e4 c5 2. Nf3 e6 3. d4 cxd4 4. Nxd4 Nf6 5. Nc3 Nc6 6. a3 Bc5 7. Be3 Bxd4 8. Bxd4 d5 9. Bxf6 Qxf6 10. exd5 Nd4 11. Bb5+ Nxb5 12. Nxb5 Qe5+ 13. Kf1 O-O 14. dxe6 Qxb5+ 15. Kg1 Bxe6 16. b3 Rad8 17. Qe1 Rfe8 18. Qe3 Bf5 19. Qxa7 Bxc2 20. b4 Qe2 21. h3 Rd2 22. Qxb7 Qxf2+ 23. Kh2 Qf4+ 24. Kg1 Be4 25. Qxe4 Qxe4 0-1

[Event "Scarborough CC-ch Reserves U1700"]
[Site "Toronto CAN"]
[Date "2011.04.14"]
[Round "8"]
[White "Veecock, Carl"]
[Black "Lin, Benjamin1"]
[Result "1-0"]
[WhiteElo "1360"]
[BlackElo "1129"]
[PlyCount "120"]
[GameId "2160767909804303"]
[EventDate "2011.02.24"]
[EventType "swiss"]
[EventRounds "9"]
[EventCountry "CAN"]
[SourceTitle "EXT 2022"]
[Source "ChessBase"]
[SourceDate "2021.10.06"]
[SourceVersion "1"]
[SourceVersionDate "2021.10.06"]
[SourceQuality "1"]

1. Nf3 d5 2. g3 Nc6 3. Bg2 e5 4. d3 Nf6 5. O-O Be7 6. c4 d4 7. Nbd2 O-O 8. Ng5 h6 9. Nge4 Be6 10. Nxf6+ Bxf6 11. Bxc6 bxc6 12. Ne4 Bh3 13. Nxf6+ Qxf6 14. Re1 Rfe8 15. f3 Qg6 16. e4 f5 17. b3 f4 18. g4 h5 19. Qd2 hxg4 20. fxg4 Qxg4+ 21. Kh1 Bg2+ 22. Qxg2 Qxg2+ 23. Kxg2 g5 24. Ba3 Kf7 25. Rg1 Rg8 26. Kf3 Rg7 27. Rg2 Rag8 28. Rag1 a5 29. Bc1 Kf6 30. Bd2 Ra8 31. h4 g4+ 32. Rxg4 Rxg4 33. Rxg4 a4 34. b4 Rh8 35. a3 Rh7 36. Be1 Rg7 37. h5 Rh7 38. Bh4+ Kf7 39. Rg5 Ke6 40. Rg6+ Kd7 41. h6 Ke8 42. Rxc6 Kf8 43. Bg5 Kg8 44. Re6 Kf8 45. Rxe5 Kg8 46. Re7 Rxe7 47. Bxe7 Kh7 48. Bf8 Kg8 49. Bg7 Kh7 50. Kxf4 Kg8 51. Bxd4 Kh7 52. Bg7 Kg6 53. Ke5 Kf7 54. d4 Kg8 55. Kf6 Kh7 56. e5 c5 57. bxc5 Kg8 58. e6 Kh7 59. Ke7 Kg8 60. Kd7 Kh7 1-0

[Event "Scarborough CC-ch Reserves U1700"]
[Site "Toronto CAN"]
[Date "2011.04.14"]
[Round "8"]
[White "Vyravanathan, Sobiga"]
[Black "Termeer, Ted"]
[Result "1/2-1/2"]
[WhiteElo "1309"]
[BlackElo "1425"]
[PlyCount "47"]
[GameId "2160767909804304"]
[EventDate "2011.02.24"]
[EventType "swiss"]
[EventRounds "9"]
[EventCountry "CAN"]
[SourceTitle "EXT 2022"]
[Source "ChessBase"]
[SourceDate "2021.10.06"]
[SourceVersion "1"]
[SourceVersionDate "2021.10.06"]
[SourceQuality "1"]

1. e4 e5 2. Nf3 d6 3. d4 exd4 4. Nxd4 Be7 5. Nc3 Nf6 6. Be2 O-O 7. O-O a6 8. Be3 Bd7 9. a3 h6 10. h3 Qc8 11. Re1 Bc6 12. Nxc6 Nxc6 13. Bf3 Rd8 14. Nd5 Nxd5 15. exd5 Ne5 16. Bd4 f6 17. Bxe5 fxe5 18. Bg4 Qb8 19. Be6+ Kh8 20. Qg4 Rf8 21. Re3 Rf6 22. Rf3 Qf8 23. Rxf6 Qxf6 24. Qf5 1/2-1/2

[Event "Scarborough CC-ch Reserves U1700"]
[Site "Toronto CAN"]
[Date "2011.04.21"]
[Round "9"]
[White "Aghamalian, Leonid"]
[Black "Aghamalian, Derick"]
[Result "0-1"]
[WhiteElo "1520"]
[BlackElo "1484"]
[PlyCount "72"]
[GameId "2160767909804306"]
[EventDate "2011.02.24"]
[EventType "swiss"]
[EventRounds "9"]
[EventCountry "CAN"]
[SourceTitle "EXT 2022"]
[Source "ChessBase"]
[SourceDate "2021.10.06"]
[SourceVersion "1"]
[SourceVersionDate "2021.10.06"]
[SourceQuality "1"]

1. e4 e5 2. Nf3 Nf6 3. Nxe5 d6 4. Nf3 Nxe4 5. Bc4 d5 6. Bb3 Be7 7. O-O O-O 8. Re1 c6 9. d4 Be6 10. Nbd2 f5 11. Ne5 Nd7 12. Ndf3 Bf6 13. Bf4 g5 14. Nxd7 Qxd7 15. Ne5 Qg7 16. Bg3 f4 17. Rxe4 dxe4 18. Bxe6+ Kh8 19. Qh5 Bxe5 20. dxe5 Qxe5 21. Bb3 fxg3 22. hxg3 Qxb2 23. Rd1 Qg7 24. Be6 Rad8 25. Re1 Qf6 26. Rxe4 Qxf2+ 27. Kh2 Qf6 28. g4 Rd4 29. Bf5 Qd6+ 30. Kh3 Rd3+ 31. cxd3 Qxd3+ 32. Kh2 Qd6+ 33. g3 Qd2+ 34. Kh3 Rxf5 35. Qe8+ Kg7 36. Re7+ Kh6 0-1

[Event "Scarborough CC-ch Reserves U1700"]
[Site "Toronto CAN"]
[Date "2011.04.21"]
[Round "9"]
[White "Al Ganabi, Yasir"]
[Black "Dattani, Dinesh"]
[Result "0-1"]
[WhiteElo "1347"]
[BlackElo "1420"]
[PlyCount "46"]
[GameId "2160767909804307"]
[EventDate "2011.02.24"]
[EventType "swiss"]
[EventRounds "9"]
[EventCountry "CAN"]
[SourceTitle "EXT 2022"]
[Source "ChessBase"]
[SourceDate "2021.10.06"]
[SourceVersion "1"]
[SourceVersionDate "2021.10.06"]
[SourceQuality "1"]

1. e4 e5 2. Nf3 Nf6 3. Nc3 Nc6 4. Bc4 Be7 5. Ng5 O-O 6. Nxf7 Rxf7 7. Bxf7+ Kxf7 8. O-O Kg8 9. a3 d6 10. h3 Be6 11. Re1 Qd7 12. d3 Rf8 13. Qf3 Nd4 14. Qd1 b6 15. a4 Bf7 16. Nd5 Nxd5 17. exd5 Bxd5 18. c4 Ba8 19. Re3 Nf5 20. Re1 Nh4 21. a5 Nxg2 22. Kh2 Rxf2 23. Kg3 Bh4+ 0-1

[Event "Scarborough CC-ch Reserves U1700"]
[Site "Toronto CAN"]
[Date "2011.04.21"]
[Round "9"]
[White "Azizi, Hamid"]
[Black "Moffat, Anthony"]
[Result "1/2-1/2"]
[WhiteElo "1457"]
[BlackElo "1240"]
[PlyCount "60"]
[GameId "2160767909804308"]
[EventDate "2011.02.24"]
[EventType "swiss"]
[EventRounds "9"]
[EventCountry "CAN"]
[SourceTitle "EXT 2022"]
[Source "ChessBase"]
[SourceDate "2021.10.06"]
[SourceVersion "1"]
[SourceVersionDate "2021.10.06"]
[SourceQuality "1"]

1. e4 c5 2. Nf3 d6 3. Bb5+ Nc6 4. d4 cxd4 5. Bxc6+ bxc6 6. Nxd4 Bb7 7. Nc3 Nf6 8. f3 e5 9. Nb3 d5 10. Bg5 Bb4 11. Nd2 Qd6 12. Bxf6 Qxf6 13. Ne2 O-O 14. c3 Bc5 15. Ng3 Rad8 16. Qc2 Ba6 17. O-O-O d4 18. Nb3 d3 19. Qd2 Bb6 20. Kb1 c5 21. Qe1 c4 22. Nd2 Bb5 23. Nf5 Bd7 24. g4 a5 25. Nxc4 Bb5 26. Nd2 a4 27. Ne3 Qh6 28. Nf5 Qg5 29. h4 Qf6 30. Ne3 Rd7 1/2-1/2

[Event "Scarborough CC-ch Reserves U1700"]
[Site "Toronto CAN"]
[Date "2011.04.21"]
[Round "9"]
[White "Feng, Richard"]
[Black "Ming, Wenyang"]
[Result "0-1"]
[WhiteElo "1125"]
[BlackElo "1198"]
[PlyCount "92"]
[GameId "2160767909804309"]
[EventDate "2011.02.24"]
[EventType "swiss"]
[EventRounds "9"]
[EventCountry "CAN"]
[SourceTitle "EXT 2022"]
[Source "ChessBase"]
[SourceDate "2021.10.06"]
[SourceVersion "1"]
[SourceVersionDate "2021.10.06"]
[SourceQuality "1"]

1. e4 c5 2. Nc3 d6 3. Nf3 Nc6 4. Bc4 Nf6 5. O-O a6 6. d3 b5 7. Bb3 b4 8. Ba4 Bd7 9. Ne2 e6 10. c3 Be7 11. d4 bxc3 12. bxc3 Nxe4 13. Qd3 Nf6 14. c4 cxd4 15. Nexd4 Nxd4 16. Bxd7+ Qxd7 17. Nxd4 e5 18. Nb3 O-O 19. Bg5 h6 20. Bxf6 Bxf6 21. c5 Rfd8 22. Qc4 dxc5 23. Nxc5 Qd5 24. Qxd5 Rxd5 25. Ne4 Be7 26. Nc3 Rd3 27. Rac1 Bg5 28. Rc2 Rc8 29. f4 Bxf4 30. g3 Be3+ 31. Kg2 Rcxc3 32. Rxc3 Rxc3 33. Rd1 Rc2+ 34. Kf3 Bd4 35. a4 Rxh2 36. Rc1 Ra2 37. Rc4 Ra3+ 38. Kg4 Bf2 39. Rc8+ Kh7 40. Kf5 Bxg3 41. Rc7 e4 42. Re7 Rxa4 43. Rxe4 Rxe4 44. Kxe4 a5 45. Kd3 a4 46. Ke4 a3 0-1

[Event "Scarborough CC-ch Reserves U1700"]
[Site "Toronto CAN"]
[Date "2011.04.21"]
[Round "9"]
[White "Liang, Phillip"]
[Black "Yie, Kevin Yi Xiao"]
[Result "0-1"]
[WhiteElo "1271"]
[BlackElo "1357"]
[PlyCount "120"]
[GameId "2160767909804311"]
[EventDate "2011.02.24"]
[EventType "swiss"]
[EventRounds "9"]
[EventCountry "CAN"]
[SourceTitle "EXT 2022"]
[Source "ChessBase"]
[SourceDate "2021.10.06"]
[SourceVersion "1"]
[SourceVersionDate "2021.10.06"]
[SourceQuality "1"]

1. e4 e5 2. Nc3 Nf6 3. f4 d6 4. Nf3 Nc6 5. d4 exd4 6. Nxd4 Bg4 7. Be2 Bxe2 8. Ndxe2 Be7 9. O-O O-O 10. Ng3 Re8 11. Nd5 Nxd5 12. exd5 Nb8 13. Be3 Bf6 14. Bd4 Nd7 15. Qd2 Bxd4+ 16. Qxd4 Qf6 17. Qc4 Rac8 18. c3 Nb6 19. Qd3 Qe7 20. Kh1 Qe3 21. Qf5 g6 22. Qh3 Nxd5 23. f5 Ne7 24. Rae1 Qb6 25. Rxe7 Rxe7 26. f6 Re6 27. Qh6 Rxf6 28. Rxf6 Qxb2 29. Rf3 Qa1+ 30. Nf1 Qxa2 31. Qf4 Qe6 32. h4 Ra8 33. Ne3 a5 34. Ng4 f5 35. Nh6+ Kg7 36. g4 Qe1+ 37. Kg2 Qe2+ 38. Kh3 Qe4 39. g5 Qxf4 40. Rxf4 a4 41. Kg3 c5 42. Rf2 b5 43. Kf3 b4 44. Ke3 b3 45. Kd2 a3 46. Rf1 a2 47. Ra1 b2 48. Rxa2 Rxa2 49. Kc2 Ra1 50. Kxb2 Rh1 51. c4 Rxh4 52. Kc3 Rh5 53. Nxf5+ gxf5 54. Kd3 Rxg5 55. Ke3 h5 56. Kf4 Kf6 57. Kf3 h4 58. Kf2 h3 59. Kf1 h2 60. Kf2 h1=Q 0-1

[Event "Scarborough CC-ch Reserves U1700"]
[Site "Toronto CAN"]
[Date "2011.04.21"]
[Round "9"]
[White "Liao, Jacky"]
[Black "Karpik, Steve"]
[Result "0-1"]
[WhiteElo "997"]
[BlackElo "1535"]
[PlyCount "108"]
[GameId "2160767909804312"]
[EventDate "2011.02.24"]
[EventType "swiss"]
[EventRounds "9"]
[EventCountry "CAN"]
[SourceTitle "EXT 2022"]
[Source "ChessBase"]
[SourceDate "2021.10.06"]
[SourceVersion "1"]
[SourceVersionDate "2021.10.06"]
[SourceQuality "1"]

1. e4 d6 2. c4 Nf6 3. Nc3 g6 4. d4 Bg7 5. Nf3 O-O 6. Be2 a6 7. O-O Nc6 8. d5 Na7 9. b4 Nxe4 10. Nxe4 Bxa1 11. Bh6 Bg7 12. Bxg7 Kxg7 13. Nfg5 h6 14. Qd4+ f6 15. Ne6+ Bxe6 16. dxe6 Nc6 17. Qc3 Kh7 18. b5 axb5 19. cxb5 Na5 20. Qg3 d5 21. Nc5 Qd6 22. Nd7 Rg8 23. Qxd6 cxd6 24. Nb6 Rab8 25. Rc1 Rge8 26. Bf3 Nc4 27. Nd7 Rbc8 28. Bxd5 Na3 29. Rxc8 Rxc8 30. g3 Nxb5 31. Bxb7 Rc1+ 32. Kg2 Ra1 33. Bd5 Nc3 34. Bb3 Nxa2 35. Nxf6+ Kg7 36. Nd5 Kf8 37. Nf4 Kg7 38. Bc2 g5 39. Nh5+ Kf8 40. Bg6 Re1 41. Bf7 Nc3 42. h4 Ne4 43. f4 gxh4 44. g4 Nf6 45. Nxf6 exf6 46. Kh3 d5 47. Kxh4 d4 48. Bg6 Rxe6 49. Bd3 Kg7 50. g5 Re3 51. Bb5 d3 52. Kh5 hxg5 53. fxg5 fxg5 54. Kxg5 Re5+ 0-1

[Event "Scarborough CC-ch Reserves U1700"]
[Site "Toronto CAN"]
[Date "2011.04.21"]
[Round "9"]
[White "Muir, Tom"]
[Black "Song, Eric"]
[Result "1-0"]
[WhiteElo "1576"]
[BlackElo "1476"]
[PlyCount "95"]
[GameId "2160767909804315"]
[EventDate "2011.02.24"]
[EventType "swiss"]
[EventRounds "9"]
[EventCountry "CAN"]
[SourceTitle "EXT 2022"]
[Source "ChessBase"]
[SourceDate "2021.10.06"]
[SourceVersion "1"]
[SourceVersionDate "2021.10.06"]
[SourceQuality "1"]

1. e4 e5 2. Nf3 Nc6 3. Bb5 a6 4. Ba4 Nf6 5. c3 d6 6. d3 h6 7. O-O Bg4 8. Be3 Be7 9. Nbd2 O-O 10. Qc1 Bh5 11. d4 Kh7 12. Bxc6 bxc6 13. dxe5 Bxf3 14. exf6 Bxf6 15. Nxf3 Re8 16. Qc2 Qe7 17. e5+ Kg8 18. exf6 Qxf6 19. Rae1 c5 20. Qa4 Re7 21. Qf4 Qg6 22. Qa4 Qf6 23. Bd2 Rxe1 24. Rxe1 Qd8 25. Qe4 Qd7 26. c4 Rb8 27. b3 a5 28. Bxa5 Rc8 29. Qd5 Qd8 30. Re3 Ra8 31. Qd2 Qc8 32. Bc3 Qd8 33. Ne1 Qd7 34. Qb2 f6 35. Nd3 Qf5 36. Qe2 Qd7 37. Nf4 c6 38. Nh5 Kf8 39. Qc2 Kg8 40. Bxf6 Qf7 41. Re7 Qxh5 42. Rxg7+ Kf8 43. Rh7 Rxa2 44. Rh8+ Kf7 45. Qh7+ Kxf6 46. Rf8+ Ke5 47. Qe7+ Kd4 48. Qe3# 1-0

[Event "Scarborough CC-ch Reserves U1700"]
[Site "Toronto CAN"]
[Date "2011.04.21"]
[Round "9"]
[White "Patel, Saiyam"]
[Black "Kaneshalingam, Mathanhe"]
[Result "0-1"]
[WhiteElo "962"]
[BlackElo "862"]
[PlyCount "68"]
[GameId "2160767909804316"]
[EventDate "2011.02.24"]
[EventType "swiss"]
[EventRounds "9"]
[EventCountry "CAN"]
[SourceTitle "EXT 2022"]
[Source "ChessBase"]
[SourceDate "2021.10.06"]
[SourceVersion "1"]
[SourceVersionDate "2021.10.06"]
[SourceQuality "1"]

1. e3 e5 2. Bc4 Nf6 3. Nf3 d5 4. Bd3 e4 5. Bb5+ Nc6 6. Nd4 Bd7 7. f3 a6 8. Ba4 b5 9. Bb3 Nxd4 10. exd4 Qe7 11. Nc3 exf3+ 12. Kf1 Bg4 13. h3 fxg2+ 14. Kxg2 Bxd1 15. Rxd1 Qe6 16. Rh1 Bb4 17. a3 Bxc3 18. bxc3 O-O 19. c4 bxc4 20. Ba4 Qe4+ 21. Kf2 Qxh1 22. Bb2 Qxh3 23. d3 cxd3 24. cxd3 Qxd3 25. Rc1 Qd2+ 26. Kf3 Qxb2 27. Rh1 Qxa3+ 28. Kf2 Qxa4 29. Kg2 Qa3 30. Rf1 Rab8 31. Rf2 Rb2 32. Kh2 Rxf2+ 33. Kg1 Qg3+ 34. Kh1 Qh2# 0-1